Acteurs ayant interprété James Bond - Statistiques

Statistiques générales
  • Ce quiz a été pris 2 245 fois
  • Le résultat moyen est 5 sur 6
Statistiques - réponses
Acteurs % Correct
Daniel Craig
95%
Sean Connery
94%
Pierce Brosnan
83%
Roger Moore
80%
Timothy Dalton
68%
George Lazenby
45%
Aucun quiz correspondant
Distribution des résultats
% des personnes avec chaque résultat
Percentile par nombre de réponses
Votre historique - résultats
Vous n’avez pas pris ce quiz